000 00540cam a2200193 a 4500
001 000002880
005 20200929150257.0
008 841129s1983 cu 000 1 spa
040 _aDO-SdBNP
_bspa
_cBNPHU
082 _a891.8572
_bW853c
100 1 _aWolf, Christa
_d1929-
_99153
240 1 0 _aCassandra
245 1 0 _aCasandra /
_cChrista Wolf.
260 _aLa Habana :
_bArte y Literatura,
_c1983.
300 _a157 p. ;
_c19 cm.
650 4 _aNovela polaca
_99154
650 4 _aLiteratura polaca
_99155
650 4 _aArte y literatura
_9652
999 _c2714
_d2714